| 000 | 00977nam a22002897a 4500 | ||
|---|---|---|---|
| 999 |
_c1082 _d1082 |
||
| 001 | 001691 | ||
| 003 | CoMeUDC001691 | ||
| 005 | 20190131161128.0 | ||
| 008 | 070330n2006 ck gr 000 0 spa u | ||
| 020 | _a9789589769072 | ||
| 040 |
_aCOBoUEX _cCoMeUDC |
||
| 041 | _aspa | ||
| 043 | _as-ck-- | ||
| 049 | _ac | ||
| 092 | 0 | 4 |
_a599 _bR696 |
| 245 | 0 |
_aLibro rojo de los mamíferos de Colombia / _cJosé Vicente Rodríguez-Mahecha, Michael Alberico, Fernando Trujillo, Jeff Jorgenson, editores. |
|
| 260 |
_aBogotá : _bMinisterio de Ambiente, Vivienda y Desarrollo Territorial, _c2006 |
||
| 300 |
_a430 p: _eil, mapas, fotos, col |
||
| 650 | 7 |
_aMAMIFEROS _xDISTRIBUCION GEOGRAFICA _zCOLOMBIA |
|
| 650 | 7 |
_aMAMIFEROS _xCLASIFICACION |
|
| 650 | 7 | _aESPECIES EN VIAS DE EXTINCION | |
| 700 |
_aRodríguez- Mahecha, José Vicente, _eed. |
||
| 700 |
_aAlberico, Michael, _eed. |
||
| 700 |
_aTrujillo, Fernando, _eed. |
||
| 700 |
_aJorgenson, Jeff, _eed. |
||
| 942 |
_2ddc _cBK |
||